[Event "Mecklenburg VP LL2 West 1819"]
[Site "Mecklenburg VP"]
[Date "2019.03.10"]
[Round "7.7"]
[White "Hantel, Thomas"]
[Black "Haase, Sebastian"]
[Result "1/2-1/2"]
[WhiteElo "1808"]
[BlackElo "1857"]
[PlyCount "20"]
[EventDate "2018.10.21"]
[EventType "team-tourn"]
[EventRounds "9"]
[EventCountry "GER"]
[SourceTitle "EXT 2022"]
[Source "ChessBase"]
[SourceDate "2021.10.06"]
[SourceVersion "1"]
[SourceVersionDate "2021.10.06"]
[SourceQuality "1"]
[WhiteTeam "Rostock HSG Uni"]
[BlackTeam "Grevesmuehlen Blau Weiss"]
[WhiteTeamCountry "GER"]
[BlackTeamCountry "GER"]

1. d4 Nf6 2. c4 d6 3. Nc3 g6 4. e4 Bg7 5. Nf3 0-0 6. Be2 Nbd7 7. 0-0 e5 8. dxe5 Nxe5 9. Nxe5 dxe5 10. Be3 c6 1/2-1/2

[Event "Mecklenburg VP LL2 West 1516"]
[Site "Mecklenburg VP"]
[Date "2015.12.13"]
[Round "4.5"]
[White "Moews, Harald"]
[Black "Hantel, Thomas"]
[Result "1-0"]
[WhiteElo "1818"]
[BlackElo "1808"]
[PlyCount "61"]
[EventDate "2015.09.20"]
[EventType "team-tourn"]
[EventRounds "9"]
[EventCountry "GER"]
[SourceTitle "EXT 2022"]
[Source "ChessBase"]
[SourceDate "2021.10.06"]
[SourceVersion "1"]
[SourceVersionDate "2021.10.06"]
[SourceQuality "1"]
[WhiteTeam "Schwerin SV Einheit"]
[BlackTeam "Rostock HSG Uni"]
[WhiteTeamCountry "GER"]
[BlackTeamCountry "GER"]

1. e4 c5 2. c4 e5 3. Nc3 Nc6 4. d3 Nf6 5. Be3 d6 6. f3 Be6 7. g4 Be7 8. Nge2 0-0 9. Ng3 Nd4 10. Be2 Rb8 11. a4 Qb6 12. Rb1 Qb4 13. 0-0 Bd7 14. g5 Nxe2+ 15. Qxe2 Bxa4 16. gxf6 Bxf6 17. Nd5 Qb3 18. Nxf6+ gxf6 19. Nh5 Qc2 20. Rbe1 Kh8 21. Nxf6 Rg8+ 22. Nxg8 Rxg8+ 23. Kh1 b5 24. Rf2 Qxe2 25. Rfxe2 bxc4 26. dxc4 Rg6 27. Rg2 Bc6 28. Rxg6 hxg6 29. Kg2 f5 30. exf5 gxf5 31. Ra1 1-0